NBA Top 20 players in each postition - Statistics

General Stats
  • This quiz has been taken 49 times
  • The average score is 68 of 100
Answer Stats
Team Players % Correct
Lakers(SG) Kobe Bryant
98%
Bulls (SG) Michael Jordan
98%
Rockets(C) Hakeem Olajuwon
93%
Lakers(C) Kareem Abdul-Jabbar
93%
Lakers(PG) Magic Johnson
93%
Lakers(C) Shaquille O’Neal
93%
Warriors(C) Wilt Chamberlain
93%
76ers(SG) Allen Iverson
91%
Clippers(PG) Chris Paul
91%
Rockets(SG) James Harden
91%
Jazz(PF) Karl Malone
91%
Timberwolves(PF) Kevin Garnett
91%
Cavaliers(SF) LeBron James
91%
76ers(C) Moses Malone
91%
Warriors(PG) Stephen Curry
91%
Suns(PG) Steve Nash
91%
Spurs(PF) Tim Duncan
91%
Spurs(C) David Robinson
89%
Mavericks(PF) Dirk Nowitzki
89%
Pistons(PG) Isiah Thomas
89%
Mavericks(PG) Jason Kidd
89%
Lakers(PG) Jerry West
89%
Jazz(PG) John Stockton
89%
Thunder(PG) Russell Westbrook
89%
Celtics(C) Bill Russell
86%
Nuggets(SG) David Thompson
86%
Warriors(SG) Klay Thompson
86%
Royals(PG) Oscar Robertson
86%
Knicks(C) Patrick Ewing
86%
Spurs(PG) Tony Parker
86%
Trail Blazers(SG) Clyde Drexler
84%
Super Sonics(PG) Gary Payton
84%
76ers(SF) Julius Erving
84%
Cavaliers(PG) Kyrie Irving
84%
Celtics(SF) Larry Bird
84%
Bulls(PG) Derrick Rose
82%
Bucks(PF) Giannis Antetokounmpo
82%
Warriors(SF) Kevin Durant
82%
Nuggets(C) Nikola Jokic
82%
Super Sonics(SG) Ray Allen
82%
Clippers(PF) Blake Griffin
80%
Celtics(PG) Bob Cousy
80%
Suns(PF) Charles Barkley
80%
Bulls(PF) Dennis Rodman
80%
Magic(C) Dwight Howard
77%
Hawks(PG) Lenny Wilkens
77%
Celtics(SF) Paul Pierce
77%
Pacers(SG) Reggie Miller
77%
Bulls(SF) Scottie Pippen
77%
Rockets(SG) Tracy McGrady
77%
Heat(PF) Chris Bosh
75%
Spurs(SG) George Gervin
73%
Celtics(SF) John Havlicek
73%
Raptors(SG) Vince Carter
73%
Knicks(PG) Walt Frazier
73%
Trali Blazers(C) Bill Walton
70%
Lakers(SF) Elgin Baylor
70%
Celtics(PF) Kevin McHale
70%
Pacers(PF) Jermaine O'Neal
68%
Super Sonics(PF) Shawn Kemp
68%
Spurs(SF) Kawhi Leonard
66%
Bullets(C) Wes Unseld
66%
Heat(SG) Dwayne Wade
64%
Pistons(SG) Joe Dumars
64%
Jazz(SG) Pete Maravich
64%
Lakers(PF) Anthony Davis
61%
Clippers(C) Bob McAdoo
61%
Knicks(SF) Carmelo Anthony
61%
Kings(PF) Chris Webber
61%
Lakers(SF) James Worthy
61%
Lakers(PF) Pau Gasol
61%
Celtics(C) Robert Parish
61%
Hornets(C) Alonzo Mourning
59%
Warriors(SF) Rick Barry
57%
Suns(PF) Amar'e Stoudemire
55%
Lakers(C) George Mikan
55%
Nuggets(SF) Alex English
52%
Warriors(SF) Chris Mullin
52%
Bullets(PF) Elvin Hayes
52%
Knicks(C) Willis Reed
50%
Bulls(C) Artis Gilmore
43%
Celtics(C) Dave Cowens
43%
Jazz(SF) Adrian Dantley
41%
76ers(SG) Hal Greer
41%
Celtics(SG) Sam Jones
41%
76ers(SF) Billy Cunningham
32%
Pistons(PG) Dave Bing
32%
Lakers(SG) Gail Goodrich
32%
Pistons(SF) Grant Hill
32%
Celtics(PG) Jo Jo White
32%
Celtics(PG) Nate Archibald
32%
Warriors(C) Nate Thurmond
32%
Knicks(SG) Earl Monroe
30%
Knicks(SF) Dave DeBusschere
23%
76ers(SF) Paul Arizin
23%
Celtics(SG) Bill Sharman
20%
Hawks(PF) Bob Petit
16%
Knicks(PF) Jerry Lucas
14%
Hawks(SF) Dominique Wilkens
5%
Nationals(PF) Dolph Shayes
2%
No matching quizzes found
Score Distribution
Percent of People with Each Score
Percentile by Number Answered
Your Score History
You have not taken this quiz